| 000 | 00420nam a2200181Ia 4500 | ||
|---|---|---|---|
| 001 | 15588 | ||
| 005 | 20260306170207.0 | ||
| 008 | 260306t2003||||xx |||||||||||||| ||und|| | ||
| 041 | _aESP | ||
| 082 |
_a547.2 _bB74 |
||
| 100 |
_aBorrel Bilbao, José I. _eAUT |
||
| 245 | 0 | _aSíntesis orgánica | |
| 260 | _c2003 | ||
| 300 |
_a255 páginas : _c24 cm. |
||
| 650 | _aGEN | ||
| 654 | _aCCN | ||
| 942 |
_cLIB _dJUS _fJUS _2ddc _n |
||
| 999 |
_c15588 _d15588 |
||